| 000 | 00663nam a22002417a 4500 | ||
|---|---|---|---|
| 008 | 130512b xxu||||| |||| 00| 0 eng d | ||
| 024 | _cAvailable | ||
| 037 | _cAvailable | ||
| 040 |
_aMBSTU LIBRARY _dMBSTU LIBRARY |
||
| 082 |
_222 _a428 HUW |
||
| 100 | _aHussain, S.M. Zakir | ||
| 245 | _aWord learning magic book-2 | ||
| 250 | _a3rd | ||
| 260 |
_aDhaka _bRohel Publication _c2000 |
||
| 300 |
_a18 cm. _b342 page _f6 _g18 cm. |
||
| 600 | _aStandard english | ||
| 650 | _2Standard english | ||
| 700 | _aHussain, S.M. Zakir | ||
| 270 |
_aDhaka _bDhaka _dBangladesh |
||
| 365 |
_b110.00 _d110.00 |
||
| 942 |
_2ddc _cBK |
||
| 999 |
_c353 _d353 |
||